| 000 | 00446nam a22001697a 4500 | ||
|---|---|---|---|
| 005 | 20180621110935.0 | ||
| 008 | 160430b xxu||||| |||| 00| 0 eng d | ||
| 020 | _a81-297-0592-3 | ||
| 041 | _aeng | ||
| 082 |
_b1067 _a658 |
||
| 100 |
_aMarkusen R. James _9340 |
||
| 245 | _aMultinational Firms and The Theory of International trade | ||
| 260 |
_aNew Delhi _bPearson Education, _c2004 |
||
| 300 | _a439 | ||
| 650 |
_aManagement _9241 |
||
| 942 | _cBK | ||
| 999 |
_c393 _d393 |
||